Los paisajes forestales de la isla grande de Chiloé /

El paisaje de la isla Grande de Chiloé difiere notoriamente con respecto al de la cordillera de los Andes, por la preponderancia en ella de sustratos rocosos, de diferentes tipos de suelos, de clima y de los efectos de los periodos glaciares y posglaciales, en los régimenes naturales de vida de esto...

Full description

Bibliographic Details
Main Author: Quintanilla Pérez, Victor
Format: Analitica de revista
Language:Spanish
Published: Santiago, Chile Instituto Geográfico Militar 2003
Subjects:

MARC

LEADER 00000cab a2200000 a 4500
001 032734
003 UAHC_CL
005 20170803123534.0
008 870616c19489999cl arzp 0uuub0spa d
040 |a UAHC_CL  |c UAHC_CL  |d UAHC_CL 
082 0 4 |a 918.83 
100 1 |a Quintanilla Pérez, Victor 
245 1 4 |a Los paisajes forestales de la isla grande de Chiloé /  |c Victor Quintanilla Pérez. 
260 |b Instituto Geográfico Militar  |c 2003  |a Santiago, Chile 
300 |a pp. 25-34 
310 |a Anual 
321 |a Irregular 1956-1958;1962-1973;1984-1985 
362 0 |a No. 1 (set. 1948)- . 
500 |a En: Revista Geográfica de Chile, Terra Australis, nº 48, 2003. pp. 25-34. ISSN: 03788482 
500 |a En: Revista Geográfica de Chile, Terra Australis, nº 48, 2003. pp. 25-34. ISSN: 03788482 
520 |a El paisaje de la isla Grande de Chiloé difiere notoriamente con respecto al de la cordillera de los Andes, por la preponderancia en ella de sustratos rocosos, de diferentes tipos de suelos, de clima y de los efectos de los periodos glaciares y posglaciales, en los régimenes naturales de vida de estos ambientes.\\Los bosques insulares tienen importantes similitudes con aquellos de la cordillera de la Costa de más al norte, donde dominan especies siempre verdes, Nothofagus, diversas mirtáceas y otras especies tolerantes a la alta humedad.\\En las tierras bajas y en la media montaña de la Isla Grande de Chiloé predominan Aextoxicon punctatum, Drimys winteri, Laureliopsis philippiana, Pilgerodendron uviferun y varias especies de mirtáceas. La dinámica vegetacional se sucede en un marco global en que adquieren especial importancia factores edáficos asociados a la geomorfología, y a un régimen de perturbaciones derivadas de la influencia marina y, secundariamente, del uso actual del suelo. 
520 |a El paisaje de la isla Grande de Chiloé difiere notoriamente con respecto al de la cordillera de los Andes, por la preponderancia en ella de sustratos rocosos, de diferentes tipos de suelos, de clima y de los efectos de los periodos glaciares y posglaciales, en los régimenes naturales de vida de estos ambientes.\\Los bosques insulares tienen importantes similitudes con aquellos de la cordillera de la Costa de más al norte, donde dominan especies siempre verdes, Nothofagus, diversas mirtáceas y otras especies tolerantes a la alta humedad.\\En las tierras bajas y en la media montaña de la Isla Grande de Chiloé predominan Aextoxicon punctatum, Drimys winteri, Laureliopsis philippiana, Pilgerodendron uviferun y varias especies de mirtáceas. La dinámica vegetacional se sucede en un marco global en que adquieren especial importancia factores edáficos asociados a la geomorfología, y a un régimen de perturbaciones derivadas de la influencia marina y, secundariamente, del uso actual del suelo. 
653 |a PEDAGOGIA EN HISTORIA Y CIENCIAS SOCIALES 
653 |a LICENCIATURA EN HISTORIA 
900 |a ESTUDIOS-12 
942 |c REVA 
952 |0 0  |1 0  |4 0  |6 ESTUDIOS_12  |7 0  |8 General  |9 63154  |a BC  |b BC  |c General  |d 2017-08-03  |l 0  |o ESTUDIOS-12  |p FICTICIO3482  |r 2019-01-08 00:00:00  |t 1  |w 2017-08-03  |y REVA 
999 |c 32734  |d 32734